000 00658nam a2200229 i 4500
001 143745
003 ES-MaACL
005 20250831081047.0
007 t|
008 070214s1963 sp |||| | spa d
080 _a301:282(04)
080 _a248.1
100 1 _aSheed, F. J.
_9106043
245 1 0 _aSociedad y sensatez /
_cF.J. Sheed ; versión de Alejandro Ros.
260 _aBarcelona :
_bHerder,
_c1963.
300 _a247 p. ;
_c22 cm.
610 2 7 _aIglesia Católica-
_xSociología
_2
_9154836
650 0 7 _aVida cristiana
_2embne
_917790
700 1 _aRos, Alejandro.
_999564
852 _aES-MaACL
_jC-24849
999 _c143745
_d143745